Znajdź zagadkową stolice po kolorach - wersja losowa - Statystyki

Ogólne statystyki
  • Ten quiz został rozwiązany 50 razy
  • Średni wynik to 18 z 196
Odpowiedzi na mapie
Odpowiedzi zakodowano w zielono-czerwonej skali na mapie do tego quizu, zgodnie z poniższymi procentami.
 
Statystyki odpowiedzi
City Miasto % Poprawnych
City Abu Zabi
100%
City Addis Abeba
100%
City Amman
100%
City Amsterdam
100%
City Ankara
100%
City Antananarywa
100%
City Apia
100%
City Asmara
100%
City Asunción
100%
City Ateny
100%
City Baku
100%
City Bamako
100%
City Bandar Seri Begawan
100%
City Bangkok
100%
City Basseterre
100%
City Belmopan
100%
City Berlin
100%
City Berno
100%
City Bissau
100%
City Bogota
100%
City Brasília
100%
City Bratysława
100%
City Brazzaville
100%
City Bridgetown
100%
City Buenos Aires
100%
City Canberra
100%
City Caracas
100%
City Castries
100%
City Dakar
100%
City Damaszek
100%
City Dhaka
100%
City Dili
100%
City Dodoma
100%
City Doha
100%
City Dublin
100%
City Dżibuti
100%
City Dżuba
100%
City Freetown
100%
City Funafuti
100%
City Gaborone
100%
City Georgetown
100%
City Gitega
100%
City Hanoi
100%
City Harare
100%
City Hawana
100%
City Helsinki
100%
City Honiara
100%
City Islamabad
100%
City Kabul
100%
City Kair
100%
City Kampala
100%
City Katmandu
100%
City Kigali
100%
City Kingston
100%
City Kingstown
100%
City Kinszasa
100%
City Kuala Lumpur
100%
City La Paz | Sucre
100%
City Libreville
100%
City Lilongwe
100%
City Lima
100%
City Lizbona
100%
City Lomé
100%
City Londyn
100%
City Luanda
100%
City Lusaka
100%
City Madryt
100%
City Majuro
100%
City Malabo
100%
City Male
100%
City Managua
100%
City Manama
100%
City Manila
100%
City Maputo
100%
City Maseru
100%
City Mbabane
100%
City Mogadiszu
100%
City Monako
100%
City Monrovia
100%
City Montevideo
100%
City Moroni
100%
City Moskwa
100%
City Mystery City (Buenos Aires)
100%
City Mystery City (Wellington)
100%
City Nairobi
100%
City Nassau
100%
City Naypyidaw
100%
City Ngerulmud
100%
City Niamey
100%
City Nowe Delhi
100%
City Nuku'alofa
100%
City Nur-Sułtan
100%
City Oslo
100%
City Ottawa
100%
City Palikir
100%
City Panama
100%
City Paramaribo
100%
City Paryż
100%
City Pekin
100%
City Phnom Penh
100%
City Pjongjang
100%
City Podgorica
100%
City Port-au-Prince
100%
City Port Louis
100%
City Port Moresby
100%
City Port-of-Spain
100%
City Port Vila
100%
City Praga
100%
City Praia
100%
City Pretoria | Kapsztad | Bloemfontein
100%
City Prisztina
100%
City Quito
100%
City Rabat
100%
City Reykjavík
100%
City Rijad
100%
City Roseau
100%
City Ryga
100%
City Rzym
100%
City Saint George's
100%
City Sana
100%
City San José
100%
City San Marino
100%
City San Salvador
100%
City Santiago
100%
City Santo Domingo
100%
City São Tomé
100%
City Seul
100%
City Skopje
100%
City Sofia
100%
City Sri Dźajawardanapura Kotte
100%
City Suva
100%
City Sztokholm
100%
City Tajpej
100%
City Tallinn
100%
City Tbilisi
100%
City Tegucigalpa
100%
City Teheran
100%
City Thimphu
100%
City Tirana
100%
City Tokio
100%
City Tunis
100%
City Ułan Bator
100%
City Vaduz
100%
City Valletta
100%
City Victoria
100%
City Warszawa
100%
City Waszyngton
100%
City Wellington
100%
City Windhuk
100%
City Yaren
100%
City Abudża
50%
City Addis Abeba
50%
City Ankara
50%
City Antananarywa
50%
City Baku
50%
City Bamako
50%
City Berlin
50%
City Brazzaville
50%
City Budapeszt
50%
City Bukareszt
50%
City Chartum
50%
City Dili
50%
City Dodoma
50%
City Dżakarta
50%
City Erywań
50%
City Gaborone
50%
City Gitega
50%
City Hanoi
50%
City Helsinki
50%
City Islamabad
50%
City Jamusukro
50%
City Kijów
50%
City Kiszyniów
50%
City Kuwejt
50%
City Lilongwe
50%
City Lizbona
50%
City Luanda
50%
City Madryt
50%
City Malabo
50%
City Mbabane
50%
City Meksyk
50%
City Mińsk
50%
City Nairobi
50%
City Naypyidaw
50%
City Ndżamena
50%
City Nikozja
50%
City Nowe Delhi
50%
City Nur-Sułtan
50%
City Oslo
50%
City Pekin
50%
City Prisztina
50%
City Rabat
50%
City Ryga
50%
City Santiago
50%
City Skopje
50%
City Sofia
50%
City Suva
50%
City Tajpej
50%
City Tallinn
50%
City Taszkent
50%
City Tbilisi
50%
City Tokio
50%
City Trypolis
50%
City Ułan Bator
50%
City Victoria
50%
City Warszawa
50%
City Waszyngton
50%
City Wilno
50%
City Ateny
33%
City Kair
33%
City Moskwa
33%
City Panama
33%
City Tokio
33%
City Warszawa
33%
City Waszyngton
33%
City Abudża
0%
City Abu Zabi
0%
City Addis Abeba
0%
City | City Akra
0%
City Algier
0%
City Amman
0%
City Amsterdam
0%
City Andora
0%
City Ankara
0%
City Antananarywa
0%
City | City | City | +3 others Apia
0%
City Asmara
0%
City Asunción
0%
City Aszchabad
0%
City Ateny
0%
City Bagdad
0%
City Baku
0%
City Bamako
0%
City Bandar Seri Begawan
0%
City Bandżul
0%
City Bangi
0%
City Bangkok
0%
City Basseterre
0%
City Bejrut
0%
City Belgrad
0%
City Belmopan
0%
City Berlin
0%
City Berno
0%
City Bissau
0%
City Biszkek
0%
City Bogota
0%
City Brasília
0%
City Bratysława
0%
City Brazzaville
0%
City Bridgetown
0%
City Bruksela
0%
City Budapeszt
0%
City Buenos Aires
0%
City Bukareszt
0%
City Canberra
0%
City Caracas
0%
City Castries
0%
City Chartum
0%
City Dakar
0%
City Damaszek
0%
City Dhaka
0%
City | City | City | City Dili
0%
City Dodoma
0%
City Doha
0%
City Dublin
0%
City Duszanbe
0%
City | City | City | +2 others Dżakarta
0%
City Dżibuti
0%
City Dżuba
0%
City Erywań
0%
City Freetown
0%
City | City | City | City Funafuti
0%
City Gaborone
0%
City Georgetown
0%
City Gitega
0%
City Gwatemala
0%
City | City Hanoi
0%
City Harare
0%
City Hawana
0%
City Helsinki
0%
City | City Honiara
0%
City Islamabad
0%
City Jamusukro
0%
City Jaunde
0%
City Jerozolima
0%
City Kabul
0%
City Kair
0%
City Kampala
0%
City Katmandu
0%
City Kigali
0%
City Kijów
0%
City Kingston
0%
City Kingstown
0%
City Kinszasa
0%
City Kiszyniów
0%
City Konakry
0%
City Kopenhaga
0%
City Kuala Lumpur
0%
City Kuwejt
0%
City | City La Paz | Sucre
0%
City Libreville
0%
City Lilongwe
0%
City | City | City Lima
0%
City Lizbona
0%
City Lomé
0%
City Londyn
0%
City Luanda
0%
City Lublana
0%
City Luksemburg
0%
City Lusaka
0%
City | City Madryt
0%
City | City | City Majuro
0%
City Malabo
0%
City Male
0%
City Managua
0%
City Manama
0%
City Manila
0%
City Maputo
0%
City Maseru
0%
City Maskat
0%
City Mbabane
0%
City | City | City Meksyk
0%
City Mińsk
0%
City Mogadiszu
0%
City Monako
0%
City Monrovia
0%
City | City Montevideo
0%
City Moroni
0%
City Moskwa
0%
City Mystery City (Accra)
0%
City Mystery City (Ashgabat)
0%
City Mystery City (Asmara)
0%
City Mystery City (Bamako)
0%
City Mystery City (Bangui)
0%
City Mystery City (Beirut)
0%
City Mystery City (Bissau)
0%
City Mystery City (Bogotá)
0%
City Mystery City (Castries)
0%
City Mystery City (Dhaka)
0%
City Mystery City (Dodoma)
0%
City Mystery City (Dushanbe)
0%
City Mystery City (Funafuti)
0%
City Mystery City (Gaborone)
0%
City Mystery City (Kampala)
0%
City Mystery City (Kiev)
0%
City Mystery City (Kuwait City)
0%
City Mystery City (La Paz | Sucre
0%
City Mystery City (Libreville)
0%
City Mystery City (London)
0%
City Mystery City (Luxembourg)
0%
City Mystery City (Madrid)
0%
City Mystery City (Manila)
0%
City Mystery City (Mbabane)
0%
City Mystery City (Mexico City)
0%
City Mystery City (Moscow)
0%
City Mystery City (Oslo)
0%
City Mystery City (Paramaribo)
0%
City Mystery City (Port Louis)
0%
City Mystery City (Port Moresby)
0%
City Mystery City (Porto-Novo | Cotonou
0%
City Mystery City (Reykjavík)
0%
City Mystery City (Saint George's)
0%
City Mystery City (Sana'a)
0%
City Mystery City (San José)
0%
City Mystery City (Santo Domingo)
0%
City Mystery City (Sarajevo)
0%
City Mystery City (Singapore)
0%
City Mystery City (Skopje)
0%
City Mystery City (Sri Jayawardenepura Kotte)
0%
City Mystery City (Tallinn)
0%
City Mystery City (Tegucigalpa)
0%
City Mystery City (Tokyo)
0%
City Mystery City (Tunis)
0%
City Mystery City (Vatican City)
0%
City Mystery City (Victoria)
0%
City Mystery City (Vienna)
0%
City Mystery City (Vientiane)
0%
City Mystery City (Yerevan)
0%
City Nairobi
0%
City Nassau
0%
City Nawakszut
0%
City Naypyidaw
0%
City Ndżamena
0%
City Ngerulmud
0%
City Niamey
0%
City Nikozja
0%
City Nowe Delhi
0%
City | City | City Nuku'alofa
0%
City Nur-Sułtan
0%
City Oslo
0%
City Ottawa
0%
City Palikir
0%
City Panama
0%
City Paramaribo
0%
City Paryż
0%
City Pekin
0%
City Phnom Penh
0%
City Pjongjang
0%
City Podgorica
0%
City Port-au-Prince
0%
City | City Port Louis
0%
City Port Moresby
0%
City Port-of-Spain
0%
City Porto-Novo | Cotonou
0%
City | City Port Vila
0%
City Praga
0%
City | City Praia
0%
City Pretoria | Kapsztad | Bloemfontein
0%
City Prisztina
0%
City | City | City Quito
0%
City Rabat
0%
City Reykjavík
0%
City Rijad
0%
City Roseau
0%
City Ryga
0%
City Rzym
0%
City Saint George's
0%
City Saint John’s
0%
City Sana
0%
City San José
0%
City San Marino
0%
City San Salvador
0%
City | City Santiago
0%
City Santo Domingo
0%
City São Tomé
0%
City Sarajewo
0%
City | City Seul
0%
City Singapur
0%
City Skopje
0%
City Sofia
0%
City Sri Dźajawardanapura Kotte
0%
City Suva
0%
City Sztokholm
0%
City Tajpej
0%
City Tallinn
0%
City Tarawa
0%
City Taszkent
0%
City Tbilisi
0%
City Tegucigalpa
0%
City Teheran
0%
City Thimphu
0%
City Tirana
0%
City Tokio
0%
City Trypolis
0%
City Tunis
0%
City Ułan Bator
0%
City Vaduz
0%
City Valletta
0%
City Victoria
0%
City Wagadugu
0%
City Warszawa
0%
City Waszyngton
0%
City Watykan
0%
City | City | City | +12 others Wellington
0%
City Wiedeń
0%
City Wientian
0%
City Wilno
0%
City Windhuk
0%
City Yaren
0%
City Zagrzeb
0%
Nie znaleziono quizów pasujących do podanych kryteriów
Rozkład punktacji
Procent ludzi z każdym wynikiem
Percentyl według liczby udzielonych odpowiedzi
Twoja historia wyników
Nie rozwiązałeś tego quizu